00483nam a22001457a 450000500170000000800410001702000280005804100130008608200130009910000270011224500830013926000580022230000320028065000250031220240118135724.0240118b |||||||| |||| 00| 0 eng d a0409003301 ; 0409003522 aEnglish  a349 JOU  aJoubert, WA lEnglish  aThe Law of South Africa : Historical Monuments to Jurisdiction / cWA Joubert  aDurban : bButterworth and Company (Pty) Ltd, c1981  bviii, 510 pages ; c26 cm.  aLegal practice bLaw